<?xml version="1.0" encoding="UTF-8"?>
<record
    xmlns:xsi="http://www.w3.org/2001/XMLSchema-instance"
    xsi:schemaLocation="http://www.loc.gov/MARC21/slim http://www.loc.gov/standards/marcxml/schema/MARC21slim.xsd"
    xmlns="http://www.loc.gov/MARC21/slim">

  <leader>00335nam a22001577a 4500</leader>
  <controlfield tag="003">SGT</controlfield>
  <datafield tag="020" ind1=" " ind2=" ">
    <subfield code="a">978-81-312-4885-0</subfield>
  </datafield>
  <datafield tag="082" ind1=" " ind2=" ">
    <subfield code="a">615.015</subfield>
    <subfield code="b">B17S</subfield>
  </datafield>
  <datafield tag="100" ind1=" " ind2=" ">
    <subfield code="a">SATYANARAYANA,V.</subfield>
  </datafield>
  <datafield tag="245" ind1=" " ind2=" ">
    <subfield code="a">BIOCHEMISTRY</subfield>
  </datafield>
  <datafield tag="250" ind1=" " ind2=" ">
    <subfield code="a">5TH</subfield>
  </datafield>
  <datafield tag="260" ind1=" " ind2=" ">
    <subfield code="a">KOLKATA</subfield>
    <subfield code="b">ELSEVIER PUB</subfield>
    <subfield code="c">2017</subfield>
  </datafield>
  <datafield tag="300" ind1=" " ind2=" ">
    <subfield code="a">2017</subfield>
  </datafield>
  <datafield tag="650" ind1=" " ind2=" ">
    <subfield code="a">PHARMACY</subfield>
  </datafield>
  <datafield tag="942" ind1=" " ind2=" ">
    <subfield code="2">ddc</subfield>
    <subfield code="c">BK</subfield>
    <subfield code="0">49</subfield>
  </datafield>
  <datafield tag="952" ind1=" " ind2=" ">
    <subfield code="0">0</subfield>
    <subfield code="1">0</subfield>
    <subfield code="2">ddc</subfield>
    <subfield code="4">0</subfield>
    <subfield code="7">0</subfield>
    <subfield code="8">FP</subfield>
    <subfield code="a">APL</subfield>
    <subfield code="b">APL</subfield>
    <subfield code="c">TXT</subfield>
    <subfield code="d">2018-05-28</subfield>
    <subfield code="e">AHUJA PUB</subfield>
    <subfield code="g">1325.00</subfield>
    <subfield code="i">SGTU</subfield>
    <subfield code="l">14</subfield>
    <subfield code="o">615.015 B17S</subfield>
    <subfield code="p">FP2851</subfield>
    <subfield code="r">2026-04-17 00:00:00</subfield>
    <subfield code="s">2026-03-25</subfield>
    <subfield code="w">2018-05-15</subfield>
    <subfield code="y">BK</subfield>
    <subfield code="k">9734</subfield>
  </datafield>
  <datafield tag="952" ind1=" " ind2=" ">
    <subfield code="0">0</subfield>
    <subfield code="1">0</subfield>
    <subfield code="2">ddc</subfield>
    <subfield code="4">0</subfield>
    <subfield code="7">0</subfield>
    <subfield code="8">FP</subfield>
    <subfield code="a">APL</subfield>
    <subfield code="b">APL</subfield>
    <subfield code="c">TXT</subfield>
    <subfield code="d">2018-05-28</subfield>
    <subfield code="e">AHUJA PUB</subfield>
    <subfield code="g">1325.00</subfield>
    <subfield code="i">SGTU</subfield>
    <subfield code="l">24</subfield>
    <subfield code="o">615.015 B17S</subfield>
    <subfield code="p">FP2852</subfield>
    <subfield code="r">2025-12-05 00:00:00</subfield>
    <subfield code="s">2025-11-22</subfield>
    <subfield code="w">2018-05-15</subfield>
    <subfield code="y">BK</subfield>
    <subfield code="k">9734</subfield>
  </datafield>
  <datafield tag="952" ind1=" " ind2=" ">
    <subfield code="0">0</subfield>
    <subfield code="1">0</subfield>
    <subfield code="2">ddc</subfield>
    <subfield code="4">0</subfield>
    <subfield code="7">0</subfield>
    <subfield code="8">FP</subfield>
    <subfield code="a">APL</subfield>
    <subfield code="b">APL</subfield>
    <subfield code="c">TXT</subfield>
    <subfield code="d">2018-05-28</subfield>
    <subfield code="e">AHUJA PUB</subfield>
    <subfield code="g">1325.00</subfield>
    <subfield code="i">SGTU</subfield>
    <subfield code="l">39</subfield>
    <subfield code="o">615.015 B17S</subfield>
    <subfield code="p">FP2853</subfield>
    <subfield code="r">2026-02-24 00:00:00</subfield>
    <subfield code="s">2026-02-02</subfield>
    <subfield code="w">2018-05-15</subfield>
    <subfield code="y">BK</subfield>
    <subfield code="k">9734</subfield>
  </datafield>
  <datafield tag="952" ind1=" " ind2=" ">
    <subfield code="0">0</subfield>
    <subfield code="1">0</subfield>
    <subfield code="2">ddc</subfield>
    <subfield code="4">0</subfield>
    <subfield code="7">0</subfield>
    <subfield code="8">FP</subfield>
    <subfield code="a">APL</subfield>
    <subfield code="b">APL</subfield>
    <subfield code="c">TXT</subfield>
    <subfield code="d">2018-05-28</subfield>
    <subfield code="e">AHUJA PUB</subfield>
    <subfield code="g">1325.00</subfield>
    <subfield code="i">SGTU</subfield>
    <subfield code="l">20</subfield>
    <subfield code="o">615.015 B17S</subfield>
    <subfield code="p">FP2854</subfield>
    <subfield code="r">2026-03-31 00:00:00</subfield>
    <subfield code="s">2026-03-17</subfield>
    <subfield code="w">2018-05-15</subfield>
    <subfield code="y">BK</subfield>
    <subfield code="k">9734</subfield>
  </datafield>
  <datafield tag="952" ind1=" " ind2=" ">
    <subfield code="0">0</subfield>
    <subfield code="1">0</subfield>
    <subfield code="2">ddc</subfield>
    <subfield code="4">0</subfield>
    <subfield code="7">0</subfield>
    <subfield code="8">FP</subfield>
    <subfield code="a">APL</subfield>
    <subfield code="b">APL</subfield>
    <subfield code="c">TXT</subfield>
    <subfield code="d">2018-05-28</subfield>
    <subfield code="e">AHUJA PUB</subfield>
    <subfield code="g">1325.00</subfield>
    <subfield code="i">SGTU</subfield>
    <subfield code="l">28</subfield>
    <subfield code="o">615.015 B17S</subfield>
    <subfield code="p">FP2855</subfield>
    <subfield code="r">2026-01-21 00:00:00</subfield>
    <subfield code="s">2026-01-08</subfield>
    <subfield code="w">2018-05-15</subfield>
    <subfield code="y">BK</subfield>
    <subfield code="k">9734</subfield>
  </datafield>
  <datafield tag="999" ind1=" " ind2=" ">
    <subfield code="c">15525</subfield>
    <subfield code="d">15525</subfield>
  </datafield>
</record>
